ACM SIGMOD International Conference on management of data
Guardat en:
| Autor principal: | |
|---|---|
| Format: | Llibre |
| Idioma: | anglès |
| Publicat: |
Nueva York
ACM Press
1992
|
| Matèries: | |
| Etiquetes: |
Afegir etiqueta
Sense etiquetes, Sigues el primer a etiquetar aquest registre!
|
MARC
| LEADER | 00000nam a2200000 a 4500 | ||
|---|---|---|---|
| 001 | UCT4750 | ||
| 003 | CL-VaPUC | ||
| 005 | 20230111074204.0 | ||
| 008 | 961122e19920000us 1 eng d | ||
| 082 | 0 | 4 | |a 005.74 |b STO |2 21 |
| 100 | 1 | |a Stonebraker, Michael |e author |9 618083 | |
| 245 | 1 | 0 | |a ACM SIGMOD International Conference on management of data |
| 260 | |a Nueva York |b ACM Press |c 1992 | ||
| 300 | |a 416 p | ||
| 583 | |a last modification |c 19961122 00:00:00 |k Rodrigo Vera | ||
| 650 | 0 | 0 | |a Bases de datos |9 260577 |
| 650 | 0 | 0 | |a Información |9 256927 |
| 650 | 0 | 0 | |a Administración |9 259325 |
| 650 | 0 | 0 | |a Congresos |9 257560 |
| 942 | |c BK | ||
| 945 | |a rleighto |d 19961122 00:00:00 | ||
| 546 | |a En Inglés | ||
| 518 | |p Proceedings of the ACM SIGMOD International Conference on management of data, San Diego, California, June 2 5, 1992 | ||
| 999 | |c 382778 |d 382776 | ||
| 952 | |0 0 |1 0 |4 0 |6 005_740000000000000_STO_1992 |7 0 |8 A |9 504661 |a BIBING |b BIBING |d 2020-01-23 |i 3251144 |o 005.74 STO 1992 |p 3251144 |r 2025-01-20 |w 2020-01-23 |y BK |k ING | ||